Villes de Charente Maritime en images - Statistiques

Statistiques générales
  • Ce quiz a été pris 105 fois
  • Le résultat moyen est 6 sur 18
Statistiques - réponses
Par images Hint Réponse % Correct
(L) R La Rochelle
99%
S Saintes
95%
R Royan
93%
R Rochefort
88%
J Jonzac
64%
F Fouras
56%
C Châtelaillon-Plage
34%
S Surgères
33%
T Tonnay-Charente
24%
A Aytré
15%
M Marennes-Hiers-Bourage
13%
A Ars-en-Ré
10%
M Matha
8%
C Chaniers
6%
G Gémozac
4%
P Périgny
4%
S Saint-Pierre-d'Oléron
4%
P Puilboreau
1%
Aucun quiz correspondant
Distribution des résultats
% des personnes avec chaque résultat
Percentile par nombre de réponses
Votre historique - résultats
Vous n’avez pas pris ce quiz